000 00520nam a2200205Ia 4500
005 20260429112257.0
008 260429s9999||||xx |||||||||||||| ||und||
020 _a9780300252217
041 _aEnglish
082 _a809.2512
_bEAG
100 _aEagleton, Terry
245 0 _aTragedy /
_cTerry Eagleton
250 _a1st ed.
260 _aNew Haven :
_bYale University Press,
_c2020.
300 _aix, 243 p.; hb
650 _a Inconsolable
650 _a Tragic transitions
650 _aTragedy
942 _cTB
999 _c53266
_d53266